Promoción de la salud sexual en jóvenes (Registro nro. 7877)
[ vista simple ]
| 000 -Cabecera | |
|---|---|
| Campo de control de longitud fija | 00951nam a22003497a 4500 |
| 005 - Fecha y hora de la última transacción | |
| Campo de control | 20241212143350.0 |
| 008 - Elementos de longitud fija--Información general | |
| Campo de control de longitud fija | 160330b2013 mx ||||| |||| 00| 0 spa d |
| 020 ## - International Standard Book Number | |
| Número Internacional Estándar del Libro (ISBN) | 9786074483475 |
| 041 ## - Idioma | |
| Código de idioma | Español |
| 082 ## - Clasificación Decimal Dewey | |
| Número de clasificación | 612.661 B456p |
| 100 ## - Entrada principal--Autor personal | |
| Nombre personal | Benavides Torres, Raquel Alicia |
| 100 ## - Entrada principal--Autor personal | |
| Nombre personal | Castillo Arcos, Lubia del Carmen |
| 100 ## - Entrada principal--Autor personal | |
| Nombre personal | López Rosales, Fuensanta |
| 100 ## - Entrada principal--Autor personal | |
| Nombre personal | Onofre Rodríguez, Dora Julia |
| 245 ## - Título propiamente dicho | |
| Título | Promoción de la salud sexual en jóvenes |
| 260 ## - Pie de imprenta | |
| Lugar de publicación, distribución, etc. | México |
| 260 ## - Pie de imprenta | |
| Nombre del editor, distribuidor, etc. | Editorial Manual moderno |
| 260 ## - Pie de imprenta | |
| Fecha de publicación, distribución, etc. | 2013 |
| 300 ## - Descripción física | |
| Extensión | 154 páginas |
| 650 ## - Materia general | |
| Temática (materia general) | SEXUALIDAD |
| 650 ## - Materia general | |
| Temática (materia general) | ENFERMEDADES DE TRANSMISIÓN SEXUAL |
| 650 ## - Materia general | |
| Temática (materia general) | VIH/SIDA |
| 650 ## - Materia general | |
| Temática (materia general) | SEXO |
| 650 ## - Materia general | |
| Temática (materia general) | JÓVENES |
| 650 ## - Materia general | |
| Temática (materia general) | SEGURIDAD EMOCIONAL |
| 650 ## - Materia general | |
| Temática (materia general) | INTELIGENCIA EMOCIONAL |
| 650 ## - Materia general | |
| Temática (materia general) | HABILIDADES SOCIALES |
| 650 ## - Materia general | |
| Temática (materia general) | COMUNICACIÓN EFICAZ |
| 650 ## - Materia general | |
| Temática (materia general) | RESILIENCIA SEXUAL |
| 942 ## - Punto de acceso adicional KOHA | |
| Tipo de ítem KOHA | Libro |
| Fuente del sistema de clasificación o colocación | Dewey Decimal Classification |
| Signatura completa | Código de barras | Tipo de ítem |
|---|---|---|
| 612.661 B456p | 20819 | Libro |